000 00417nam a2200145Ia 4500
008 231217s9999 xx 000 0 und d
041 _aEnglish
082 _a001.6404 VEN;1 R
100 _aVenkataramani, B Somaskandan, P
245 0 _aMicroprocessors and peripherals through objective questions
260 _c1999
_bTata McGraw-Hill
_aNew Delhi
300 _aix+234
650 _aMicroprocessors
942 _cAA
999 _c172719
_d172719